000 01440nam0a22003011 4500
001 rc\2909468
005 20250529222157.0
035 _a(NLR Aleph) 007060279
090 _a6278323
_c6278323
100 _a20110805d1938 |||y0rusy50 ca
101 0 _arus
102 _aRU
105 _aa z |||||
200 1 _aВлияние климата на температуру тела больных с хроническими инфекциями
_e(Сепсис, малярия, туберкулез и проч.)
_eДис. на степень д-ра мед. наук. проф. Г. С. Демьянова
210 _aКраснодар
_cКубан. мед. ин-т
_d1938
215 _a14, [2] с.
_cграф.
_d22 см
225 1 _aТруды Кубанского государственного медицинского института им. красной армии
_fОтв. ред. А.Н. Мокенко, проф. П.П. Авроров, проф. С.В. Очаповский ...
_vВып. 10
300 _aРез. на нем. яз.
320 _aБиблиогр.: с. 106-115
700 1 _aДемьянов
_bГ.С.
_f1885-1958
_gГригорий Степанович
702 1 _aМокенко
_bА.Н.
_4340
702 1 _aАвроров
_bП.П.
_4340
702 1 _aОчаповский
_bС В.
_4340
801 0 _aRU
_bNLR
_gpsbo
801 1 _aRU
_bELAR
_2rusmarc
852 _aNLR
_j34-19/483(10)
942 _cBOOK
980 _aNB